000 00417nam a2200133Ia 4500
008 200924s9999 xx 000 0 und d
020 _a978-981-3157-45-3
100 _aSpiceland, David J.
245 _cDavid J. Spiceland, Mark W. Nelson, Wayne B. Thomas, et.al.
_aIntermediate accounting/
260 _aUS:
_bMcGraw Hill
_c2019
300 _axxix, 1179 pages
_c27 cm.
650 _aAccounting
650 _aBookkeeping
999 _c364473
_d364473